La revolución Cooperativa del Campo Colombiano : (Registro nro. 3883)
[ vista simple ]
| 000 -LEADER | |
|---|---|
| fixed length control field | 01304nam a2200265Ia 4500 |
| 003 - CONTROL NUMBER IDENTIFIER | |
| control field | OSt |
| 005 - DATE AND TIME OF LATEST TRANSACTION | |
| control field | 20200625163745.0 |
| 008 - FIXED-LENGTH DATA ELEMENTS--GENERAL INFORMATION | |
| fixed length control field | 191128s2017 ck gr 000 0 spa d |
| 020 ## - INTERNATIONAL STANDARD BOOK NUMBER | |
| International Standard Book Number | 9789585616509 |
| 040 ## - CATALOGING SOURCE | |
| Original cataloging agency | CO-JMCR |
| Transcribing agency | CO-JMCR |
| 041 0# - LANGUAGE CODE | |
| Language code of text/sound track or separate title | spa |
| 082 04 - DEWEY DECIMAL CLASSIFICATION NUMBER | |
| Classification number | 334.6837 / |
| Item number | A697r |
| Edition number | 23 |
| 100 1# - MAIN ENTRY--PERSONAL NAME | |
| Personal name | Aricapa Ardila, Ricardo, |
| Relator term | autor |
| 9 (RLIN) | 6209 |
| 245 13 - TITLE STATEMENT | |
| Title | La revolución Cooperativa del Campo Colombiano : |
| Remainder of title | Colanta Jenaro Pérez / |
| Statement of responsibility, etc. | Ricardo Aricapa A. |
| 250 ## - EDITION STATEMENT | |
| Edition statement | Primera edición |
| 260 ## - PUBLICATION, DISTRIBUTION, ETC. | |
| Place of publication, distribution, etc. | Medellín : |
| Name of publisher, distributor, etc. | Cooperativa Colanta, |
| Date of publication, distribution, etc. | 2017 |
| 300 ## - PHYSICAL DESCRIPTION | |
| Extent | 249 páginas : |
| Other physical details | fotografías a color ; |
| Dimensions | 24 cm. |
| 500 ## - GENERAL NOTE | |
| General note | "Historia Colanta 50 años".Tapa |
| 505 0# - FORMATTED CONTENTS NOTE | |
| Formatted contents note | Un parto difícil -- Los años del despegue -- Llegó la apertura -- Avanzando hacia la competividad -- Una cooperativa para un nuevo siglo -- Un mini álbum para la memoria |
| 520 3# - SUMMARY, ETC. | |
| Summary, etc. | Elaborar la historia de una empresa como Colanta, construida desde la colectividad y con el liderazgo de importantes personalidades de la sociedad antioqueña, demandaron una conducta responsable, honesta y solidaria con los hechos. |
| 650 14 - SUBJECT ADDED ENTRY--TOPICAL TERM | |
| Topical term or geographic name entry element | Cooperativa Lechera Colanta |
| General subdivision | historia |
| Geographic subdivision | Colombia |
| 9 (RLIN) | 6210 |
| 650 14 - SUBJECT ADDED ENTRY--TOPICAL TERM | |
| Topical term or geographic name entry element | Cooperativas lecheras |
| General subdivision | historia |
| Geographic subdivision | Colombia |
| 9 (RLIN) | 6211 |
| 650 14 - SUBJECT ADDED ENTRY--TOPICAL TERM | |
| Topical term or geographic name entry element | Industria lechera |
| General subdivision | historia |
| Geographic subdivision | Colombia |
| 9 (RLIN) | 6212 |
| 942 ## - ADDED ENTRY ELEMENTS (KOHA) | |
| Source of classification or shelving scheme | Dewey Decimal Classification |
| Koha item type | Books |
| Withdrawn status | Lost status | Source of classification or shelving scheme | Damaged status | Not for loan | Home library | Current library | Date acquired | Source of acquisition | Cost, normal purchase price | Total Checkouts | Full call number | Barcode | Date last seen | Copy number | Koha item type |
|---|---|---|---|---|---|---|---|---|---|---|---|---|---|---|---|
| Dewey Decimal Classification | Biblioteca Pública José María del Castillo y Rada | Biblioteca Pública José María del Castillo y Rada | 01/01/2017 | Donación | 0.00 | 334.6837 / A697r | 201808454 | 05/16/2024 | Ej.1 | Books |